000
00213nam a22000857a 4500
008
170116b xxu||||| |||| 00| 0 eng d
100
_9
2415
_a
Harison.H
245
_a
How to Play the Flute
260
_a
New Delhi
_b
M B
_c
2005
999
_c
5453
_d
5453